| 000 | 00746nam a2200217 4500 | ||
|---|---|---|---|
| 003 | CBULib | ||
| 005 | 20240807145918.0 | ||
| 008 | 240807b |||||||| |||| 00| 0 eng d | ||
| 040 |
_aCBULib _bEnglish _cCBULib _erda |
||
| 041 | _aeng | ||
| 050 | _aUNCTAD(058)TDRO/2004 | ||
| 110 | _aUnited Nations Conference on Trade and Development (UNCTAD) | ||
| 245 |
_aTrade and development report, 2004 : overview _c/ by United Nations Conference on Trade and Development (UNCTAD) |
||
| 260 |
_aNew York : _bunited Nations, _c2004 |
||
| 300 | _a17 pages | ||
| 336 |
_2rdacontent _aText | _btxt |
||
| 337 |
_2rdamedia _aUnmediated | _bn |
||
| 338 |
_2rdacarrier _aVolume _bnc |
||
| 650 | _aINTERNATIONAL ECONOMIC RELATIONS--PERIODICALS | ||
| 942 |
_2mc _c029 |
||
| 999 |
_c85190 _d85190 |
||